00226nam a2200073Ia 4500008004100000082000800041100001400049245008900063240331s9999 xx 000 0 und d bSHE aRanjana S 4aThe political ecconomy of dowry :binstitutionlizations and expansion in North India